000 00239nam a22001217a 4500
003 SGT
082 _a616.024
_bW15W
100 _aWHO
245 _aWHO TECHNICAL REPORT SERIES 994
260 _bWHO
_c2015
300 _a546
942 _2ddc
_cBK
999 _c14132
_d14132